000 01637cam a22001934a 4500
005 20250605163353.0
008 250528s ||||||||||||||||||||||||d
035 _a17787
020 _a9789603519812
040 _aGR-AtMCL
_bgre
_dGR-AtMCL
_eAACR2
245 1 _aΔιεθνής Ναυτιλιακή Πολιτική / Γ' Έκδοση
260 _bΣταμούλης Α,
_c2015
300 _a1080
520 _aΠρόλογος, Η Οργάνωση της Διεθνούς Κοινωνίας, Ο Ρόλος του Διεθνούς Ναυτιλιακού Οργανισμού (ΙΜΟ) στην Παγκόσμια Εμπορική Ναυτιλία, Ο Ρόλος των Υπόλοιπων Δραστηριοτήτων του ΟΗΕ στην Παγκόσμια Εμπορική Ναυτιλία (Συμμετοχή στις Συνδιασκέψεις οτυ ΙΜΟ), Η Συνδιάσκεψη για το Εμπόριο και την Ανάπτυξη (UNCTAD) και οι Διασκέψεις Πλοίων Γραμμών, Εξελίξεις Ναυτιλιακής Πολιτικής στον Χώρο της Ευρωπαϊκής Ένωσης, Εξελίξεις Ναυτιλιακής Πολιτικής στον Υπόλοιπο Διεθνή Χώρο, Σημασία της Ελληνικής Εμπορικής Ναυτιλίας στην Ελληνική Οικονομία, Το Φαινόμενο του Προστατευτισμού στο Σύγχρονο Διεθνές Εμπόριο, Βιβλιογραφία - Αρθρογραφία.
700 1 _aΒλάχος Γ. Π
942 _cBK
999 _c3187
_d3187